Central Library OPAC University of Rajshahi

Tristram of Lyonesse / (Record no. 77432)

MARC details
000 -LEADER
fixed length control field 00584nam a22002057a 4500
001 - CONTROL NUMBER
control field 77432
003 - CONTROL NUMBER IDENTIFIER
rucl marc code BD-RjUL
005 - DATE AND TIME OF LATEST TRANSACTION
control field 20211209082953.0
008 - FIXED-LENGTH DATA ELEMENTS--GENERAL INFORMATION
fixed length control field 200913s1917 enk||||| |||| 00| 0 eng d
035 ## - SYSTEM CONTROL NUMBER
System control number (BD-RjUL)77657
040 ## - CATALOGING SOURCE
Original cataloging agency BD-RjUL
Language of cataloging eng
Transcribing agency BD-RjUL
041 ## - LANGUAGE CODE
Language code of text/sound track or separate title eng
082 ## - DEWEY DECIMAL CLASSIFICATION NUMBER
Classification number 821.8
Author mark and year SWT 1917
100 ## - MAIN ENTRY--PERSONAL NAME
Personal name Swinburne, Algernon Charles
9 (RLIN) 241362
245 10 - TITLE STATEMENT
Title Tristram of Lyonesse /
Statement of responsibility, etc. Algernon Charles Swinburne.
260 ## - PUBLICATION, DISTRIBUTION, ETC. (IMPRINT)
Place of publication, distribution, etc. London :
Name of publisher, distributor, etc. Heinemann,
Date of publication, distribution, etc. 1917.
300 ## - PHYSICAL DESCRIPTION
Pagination 151 p.;
Size 18 cm.
600 ## - SUBJECT ADDED ENTRY--PERSONAL NAME
Personal name Swinburne, Algernon Charles,
Dates associated with a name 1837-1909
942 ## - ADDED ENTRY ELEMENTS (KOHA)
Source of classification or shelving scheme Dewey Decimal Classification
Koha item type Books
Holdings
Lost status Source of classification or shelving scheme Damaged status Not for loan Collection code Permanent Location Current Location Shelving location Date acquired Source of acquisition Total Checkouts Full call number Date last seen Copy number Koha item type
  Dewey Decimal Classification   Not For Loan Non-fiction Central Library, University of Rajshahi Central Library, University of Rajshahi Reading Room 13/02/1957 Author   821.8 SWT 1917 13/09/2020 C-1 Books